MARC
| LEADER | 00000cam a2200000 7i4500 | ||
|---|---|---|---|
| 001 | 0000008518 | ||
| 005 | 20160330.0 | ||
| 008 | 070917 | ||
| 020 | |a 0064471837 | ||
| 090 | 0 | 0 | |a NIX |b ENG (7858) |
| 100 | 1 | |a Nix, Garth | |
| 245 | 1 | 0 | |a Sabriel |c Garth Nix |
| 260 | |a Australia : |b HaperCollins Pusblisher , |c 1995 | ||
| 500 | |a Teenager ages 13-18 years old (blue) | ||
| 650 | 0 | |a Fantasy | |
| 650 | 0 | |a Novel | |
| 650 | 0 | |a Teenagers |x English |x Languages | |
| 999 | |a 0000991768 |b Book |c Teenagers |e Perbadanan Perpustakaan Awam Johor | ||
| 999 | |a 0000991769 |b Book |c Teenagers |e Perbadanan Perpustakaan Awam Johor | ||